War despatches : (Record no. 134059)
[ view plain ]
| 000 -LEADER | |
|---|---|
| fixed length control field | 00717nam a22002177a 4500 |
| 005 - DATE AND TIME OF LATEST TRANSACTION | |
| control field | 20170124110220.0 |
| 010 ## - LIBRARY OF CONGRESS CONTROL NUMBER | |
| LC control number | A-456643 |
| 020 ## - INTERNATIONAL STANDARD BOOK NUMBER | |
| Terms of availability | 00.00 |
| International Standard Book Number | 8170621178 |
| 035 ## - SYSTEM CONTROL NUMBER | |
| System control number | A-456643 |
| 037 ## - SOURCE OF ACQUISITION | |
| Source of stock number/acquisition | Cen Lib/Ret |
| 040 ## - CATALOGING SOURCE | |
| Original cataloging agency | DPL |
| Language of cataloging | EN |
| 082 ## - DEWEY DECIMAL CLASSIFICATION NUMBER | |
| Classification number | 954.09 |
| Item number | HAR |
| 100 ## - MAIN ENTRY--PERSONAL NAME | |
| Personal name | Harbakhsh Singh |
| 9 (RLIN) | 39667 |
| 245 ## - TITLE STATEMENT | |
| Title | War despatches : |
| Statement of responsibility, etc | by Harbakhsh Singh |
| Remainder of title | Indo-Pak Conflict 1965 / |
| 260 ## - PUBLICATION, DISTRIBUTION, ETC. (IMPRINT) | |
| Place of publication, distribution, etc | New Delhi |
| Name of publisher, distributor, etc | Lancer International |
| Date of publication, distribution, etc | 1991 |
| 270 ## - ADDRESS | |
| Address | B-3, Gulmohar Park |
| City | New Delhi |
| Postal code | 110049 |
| 300 ## - PHYSICAL DESCRIPTION | |
| Extent | 216p. : |
| Dimensions | 24cm(Hb) |
| Other physical details | ill. |
| 650 ## - SUBJECT ADDED ENTRY--TOPICAL TERM | |
| Topical term or geographic name as entry element | India-Pakistan Conflict, 1965 -- Personal narratives, East Indian |
| 9 (RLIN) | 39668 |
| 650 ## - SUBJECT ADDED ENTRY--TOPICAL TERM | |
| Topical term or geographic name as entry element | Harbakhsh Singh, -- 1913-1999 |
| 9 (RLIN) | 39669 |
| 942 ## - ADDED ENTRY ELEMENTS (KOHA) | |
| Source of classification or shelving scheme | Dewey Decimal Classification |
| Koha item type | English Books |
| Classification part | 954.09 |
| Call number suffix | HAR |
| Withdrawn status | Lost status | Damaged status | Not for loan | Collection code | Home library | Current library | Date acquired | Source of acquisition | Cost, normal purchase price | Total Checkouts | Full call number | Barcode | Date last seen | Copy number | Cost, replacement price | Price effective from | Koha item type |
|---|---|---|---|---|---|---|---|---|---|---|---|---|---|---|---|---|---|
| Not For Loan | Reference | Central Library | Central Library | 28/07/2015 | Cen Lib/Ret | 0.00 | 954.09 HAR | A-456643 | 28/07/2015 | 1 | 0.00 | 28/07/2015 | English Books |
